Heraldry of Sweden's Counties - Statistics

General Stats
  • This quiz has been taken 3 times
  • The average score is 14 of 21
Answer Stats
Picture Answer % Correct
Skåne
100%
Stockholm
100%
Blekinge
67%
Dalarna
67%
Gotland
67%
Halland
67%
Jämtland
67%
Jönköping
67%
Kalmar
67%
Kronoberg
67%
Norrbotten
67%
Örebro
67%
Östergötland
67%
Södermanland
67%
Uppsala
67%
Värmland
67%
Västerbotten
67%
Västernorrland
67%
Västmanland
67%
Västra Götaland
67%
Gävleborg
33%
No matching quizzes found
Score Distribution
Percent of People with Each Score
Percentile by Number Answered
Your Score History
You have not taken this quiz